| 000 | 00997cam a2200217 4500 | ||
|---|---|---|---|
| 001 | ABS63793 | ||
| 008 | 000000n2001 000 0 eng u | ||
| 035 | _a(Sirsi) u112472 | ||
| 245 | _aScammell and others v Dicker | ||
| 260 | _c2001 | ||
| 490 |
_aWeekly Law Reports _v[2001]1 WLR 631-638(8) |
||
| 520 | _aCA 21 December 2001. The parties attempted to settle a boundary dispute before the trial. The defendant D made an offer to settle the dispute under CPR Pt 36 by letter on 9 March 2000 but withdrew the offer by letter dated 13 March. The offer was expressed to be open for 21 days. The CC held that D was not entitled to withdraw the Part 36 offer unillaterally . CC ruling overturned. CA held that D was entiled to withdraw. Appeal allowed. | ||
| 590 | _aABS | ||
| 650 | _aSCAMMELL V DICKER | ||
| 650 | _aCIVIL PROCEDURE RULES PART 36 | ||
| 650 |
_aBoundary disputes _96221 |
||
| 650 | _aLETTER | ||
| 650 | _aWITHDRAWAL | ||
| 690 |
_aBoundary disputes _96221 |
||
| 942 | _n0 | ||
| 999 |
_c66951 _d66951 |
||